000
00300nam a22001217a 4500
008
160510b xxu||||| |||| 00| 0 eng d
020
_a
9790766810920
020
_a
0766810925
041
_a
eng
080
_a
61
245
_a
Basic allied health statistics and analysis:
_c
Gerda Koch;
942
_2
udc
_c
BK
999
_c
2001
_d
2001